000 00596cam a22002053a 4500
001 36674
003 PGUSA
005 20140828083811.0
008 110709s2011||||xxu|||||s|||||000 | eng d
040 _aPGUSA
_beng
042 _adc
100 1 _aSteedman, Amy
245 1 0 _aIn God's Garden :
_bStories of the Saints for Little Children
_h[electronic resource] /
_cAmy Steedman
260 _bProject Gutenberg,
_c2011
506 _aPublic domain in the USA.
516 _aElectronic text
830 0 _aProject Gutenberg
_v36674
856 4 0 _uhttp://www.gutenberg.org/ebooks/36674
942 _cEB
999 _c265929
_d265929